Christians and the national movement : (Record no. 1096)
[ view plain ]
| 000 -LEADER | |
|---|---|
| fixed length control field | 01208fam a2200337 a 4500 |
| 001 - CONTROL NUMBER | |
| control field | 4446372 |
| 003 - CONTROL NUMBER IDENTIFIER | |
| control field | GBCCL |
| 005 - DATE AND TIME OF LATEST TRANSACTION | |
| control field | 20241126110353.0 |
| 008 - FIXED-LENGTH DATA ELEMENTS--GENERAL INFORMATION | |
| fixed length control field | 990422s1999 ii b 001 0 eng |
| 010 ## - | |
| -- | 99933500 |
| 020 ## - INTERNATIONAL STANDARD BOOK NUMBER | |
| International Standard Book Number | 8186791167 |
| 025 ## - OVERSEAS ACQUISITION NUMBER | |
| Overseas acquisition number | I-E-99-933500; 61-30 |
| 035 ## - SYSTEM CONTROL NUMBER | |
| System control number | (OCoLC)ocn685962852 |
| 035 ## - SYSTEM CONTROL NUMBER | |
| System control number | 4446372 |
| 037 ## - SOURCE OF ACQUISITION | |
| Source of stock number/acquisition | Library of Congress -- New Delhi Field Office |
| Terms of availability | Rs500.00 |
| 040 ## - CATALOGING SOURCE | |
| Original cataloging agency | DLC |
| Transcribing agency | DLC |
| 042 ## - | |
| -- | lcode |
| 043 ## - | |
| -- | a-ii--- |
| 050 00 - | |
| -- | DS485.M28 |
| -- | J52 1999 |
| 082 ## - DEWEY DECIMAL CLASSIFICATION NUMBER | |
| Classification number | 261.70954 |
| Item number | JEY |
| 100 1# - MAIN ENTRY--PERSONAL NAME | |
| Personal name | Jeyakumar, D. Arthur, |
| Dates associated with a name | 1944- |
| 9 (RLIN) | 1950 |
| 245 10 - TITLE STATEMENT | |
| Title | Christians and the national movement : |
| Remainder of title | the memoranda of 1919 and the national movement, with special reference to Protestant Christians in Tamil Nadu, 1919-1939 / |
| Statement of responsibility, etc. | D. Arthur Jeyakumar. |
| 250 ## - EDITION STATEMENT | |
| Edition statement | 2nd ed. |
| 260 ## - PUBLICATION, DISTRIBUTION, ETC. | |
| Place of publication, distribution, etc. | Bangalore : |
| Name of publisher, distributor, etc. | CFCC, |
| Date of publication, distribution, etc. | 2009. |
| 300 ## - PHYSICAL DESCRIPTION | |
| Extent | viii, 282 p. ; |
| Dimensions | 22 cm. |
| 504 ## - BIBLIOGRAPHY, ETC. NOTE | |
| Bibliography, etc. note | Includes bibliographical references (p. [239]-275) and index. |
| 650 #0 - SUBJECT ADDED ENTRY--TOPICAL TERM | |
| Topical term or geographic name entry element | Nationalism |
| Geographic subdivision | India |
| -- | Tamil Nadu. |
| 9 (RLIN) | 1951 |
| 650 #0 - SUBJECT ADDED ENTRY--TOPICAL TERM | |
| Topical term or geographic name entry element | Protestants |
| Geographic subdivision | India |
| -- | Tamil Nadu |
| General subdivision | Political activity. |
| 9 (RLIN) | 1952 |
| 651 #0 - SUBJECT ADDED ENTRY--GEOGRAPHIC NAME | |
| Geographic name | Tamil Nadu (India) |
| General subdivision | Politics and government |
| Chronological subdivision | 20th century. |
| 9 (RLIN) | 1953 |
| 942 ## - ADDED ENTRY ELEMENTS (KOHA) | |
| Source of classification or shelving scheme | Dewey Decimal Classification |
| Koha item type | Books |
| Koha issues (borrowed), all copies | 3 |
| Withdrawn status | Lost status | Source of classification or shelving scheme | Damaged status | Not for loan | Home library | Current Library | Shelving location | Date acquired | Total checkouts | Total renewals | Full call number | Barcode | Date last seen | Date last checked out | Copy number | Price effective from | Koha item type |
|---|---|---|---|---|---|---|---|---|---|---|---|---|---|---|---|---|---|
| Dewey Decimal Classification | GRACE BIBLE COLLEGE | GRACE BIBLE COLLEGE | Ministry & Mission | 2017-04-17 | 2 | 3 | 261.70954 JEY | 014196 | 2025-05-01 | 2021-03-05 | c.1 | 2017-04-17 | Books | ||||
| Dewey Decimal Classification | GRACE BIBLE COLLEGE | GRACE BIBLE COLLEGE | Ministry & Mission | 2017-04-17 | 2 | 261.70954 JEY | 014197 | 2025-05-01 | 2025-02-28 | c.2 | 2017-04-17 | Books |